Gaming Quiz

Random Gaming or Video Games Quiz

Top 100 Players in NBA 2k14 Quiz Stats

Quiz not verified by Sporcle

Also try: Mario Kart Racers
Challenge
Share
Tweet
Embed
Score 0/100 Timer 20:00
0 Plays Today
Overall Answer % Correct
99LeBron James
99.6%
94Kevin Durant
94.5%
93Kobe Bryant
90.3%
93Chris Paul
89.9%
91Dwayne Wade
86.6%
91Russell Westbrook
86.1%
88Stephen Curry
85.3%
79David West
84.5%
91Dwight Howard
80.7%
91Carmelo Anthony
79.4%
89Kyrie Irving
79%
92Derrick Rose
78.6%
88James Harden
76.9%
86Tony Parker
76.5%
82Chris Bosh
76.5%
87Tim Duncan
76.5%
87Paul George
75.2%
88Deron Williams
72.3%
84Blake Griffin
71.8%
78Mo Williams
71.4%
79Louis Williams
71%
86Josh Smith
70.2%
84J.R. Smith
70.2%
90Rajon Rondo
69.7%
84Damian Lillard
69.7%
82Marc Gasol
69.7%
80Pau Gasol
69.3%
86Kevin Love
68.5%
79Anthony Davis
68.1%
85John Wall
68.1%
82Kevin Garnett
67.6%
83Dirk Nowitzki
67.2%
82Joe Johnson
66.4%
84Paul Pierce
66.4%
Overall Answer % Correct
84LaMarcus Aldridge
65.5%
86Manu Ginobili
65.1%
82Kawhi Leonard
63%
80Steve Nash
62.6%
79Ray Allen
62.6%
80DeMarcus Cousins
62.2%
82Joakim Noah
61.8%
79Jeff Green
59.7%
80Brook Lopez
58.8%
85Monta Ellis
57.6%
84Serge Ibaka
57.6%
84Al Jefferson
57.6%
85Andre Iguodala
57.1%
83Mike Conley
57.1%
83Kyle Lowry
57.1%
83Kemba Walker
56.7%
83Zach Randolph
56.7%
86Rudy Gay
56.3%
81David Lee
56.3%
78Vince Carter
56.3%
82Al Horford
55.9%
80Caron Butler
55.9%
77DeMar DeRozan
55.9%
88Jrue Holiday
55.5%
83Brandon Jennings
55.5%
81Roy Hibbert
55%
78Ricky Rubio
54.2%
82Amare Stoudemire
52.9%
78Andrew Bogut
52.5%
80 Paul Millsap
52.1%
80Jamal Crawford
51.7%
83Eric Gordon
51.3%
78Goran Dragic
50.8%
85Ty Lawson
50.4%
Overall Answer % Correct
80Marcin Gortat
50%
86Andrew Bynum
49.2%
82Eric Bledsoe
48.3%
80Greg Monroe
48.3%
79Thaddeus Young
47.9%
82Tyreke Evans
46.2%
79Jarrett Jack
45.8%
78Nicholas Batum
45.8%
79Luol Deng
45.4%
79Nene
42%
80Danny Granger
41.6%
82O.J. Mayo
40.8%
81Kevin Martin
40.8%
79Stephen Jackson
40.3%
80Kenneth Faried
39.1%
82Iman Shumpert
38.7%
79Raymond Felton
38.2%
79Shawn Marion
37.4%
78Derrick Favors
36.1%
78Nikola Pekovic
34.5%
81Nate Robinson
34%
79Darren Collison
32.8%
78Trevor Ariza
31.9%
81Chauncey Billups
31.1%
79Larry Sanders
31.1%
78Avery Bradley
29%
78Rodney Stuckey
25.6%
78Michael Kidd-Gilchrist
24.8%
79Luis Scola
23.9%
78Elton Brand
22.3%
77Aaron Brooks
17.2%
81Wilson Chander
5.9%

You're not logged in!

Compare scores with friends on all Sporcle quizzes.
Join for Free
OR
Log In

You Might Also Like...

Show Comments

Extras

Top Quizzes Today


Score Distribution

Your Account Isn't Verified!

In order to create a playlist on Sporcle, you need to verify the email address you used during registration. Go to your Sporcle Settings to finish the process.

Report this User

Report this user for behavior that violates our Community Guidelines.

Details: